| 000 | 00324nam a2200121Ia 4500 | ||
|---|---|---|---|
| 008 | 210430s9999 xx 000 0 und d | ||
| 082 | _a512.5 L426 L | ||
| 100 |
_aDavid C.Lay _925670 |
||
| 245 |
_aLinear Algebra and Applications _cDavid C.Lay |
||
| 260 |
_aIslamabad _bphoto copy _c2000 |
||
| 300 | _a112p | ||
| 942 |
_cBK _2ddc |
||
| 999 |
_c562119 _d562119 |
||